General entomology / (Record no. 5483)
[ view plain ]
| 000 -LEADER | |
|---|---|
| fixed length control field | 00520cam a2200217ua 4500 |
| 041 ## - LANGUAGE CODE | |
| Language code of text/sound track or separate title | eng |
| 082 ## - DEWEY DECIMAL CLASSIFICATION NUMBER | |
| Classification number | 632.7 |
| Item number | MAN/GE |
| 100 ## - MAIN ENTRY--AUTHOR NAME | |
| Personal name | Mani, M S . |
| 245 ## - TITLE STATEMENT | |
| Title | General entomology / |
| 250 ## - EDITION STATEMENT | |
| Edition statement | 3 / |
| 260 ## - PUBLICATION, DISTRIBUTION, ETC. (IMPRINT) | |
| Place of publication | New Delhi : |
| Name of publisher | Oxford & IBH Publishing company , |
| Year of publication | 1973. |
| 300 ## - PHYSICAL DESCRIPTION | |
| Number of Pages | 912 ; . |
| 942 ## - ADDED ENTRY ELEMENTS (KOHA) | |
| Koha item type | Books |
| Withdrawn status | Lost status | Damaged status | Home library | Current library | Date acquired | Full call number | Accession Number | Koha item type |
|---|---|---|---|---|---|---|---|---|
| KAUAET | KAUAET | 31/03/1986 | 632.7 | 15281 | Books | |||
| KAUAET | KAUAET | 31/03/1986 | 632.7 | 15307 | Books | |||
| KAUAET | KAUAET | 31/03/1986 | 632.7 | 15304 | Books | |||
| KAUAET | KAUAET | 31/03/1986 | 632.7 | 15305 | Books | |||
| KAUAET | KAUAET | 31/03/1986 | 632.7 | 15306 | Books | |||
| KAUAET | KAUAET | 31/03/1986 | 632.7 | 15308 | Books |
